| 000 | 00654nam a2200229 a 4500 | ||
|---|---|---|---|
| 005 | 20140310183450.0 | ||
| 008 | 090120s19uu xx 00 eng d | ||
| 020 | _a13:9780787988524 | ||
| 050 |
_aHD 30.28 _b.G66 2008 |
||
| 100 | _aNolan, Timothy M. | ||
| 245 |
_aApplied strategic planning : _ban introduction / _cTimothy M. Nolan |
||
| 250 | _a2nd ed. | ||
| 260 |
_aSan Francisco, California : _bPfeiffer, _c2008. |
||
| 300 |
_a142 p. : _bill. ; _c28 cm. |
||
| 521 | _aBSBA | ||
| 650 | _aBSBA. | ||
| 650 | _aStrategic planning. | ||
| 700 | _aGoodstein, Leonard D. | ||
| 700 | _aGoodstein, Jeanette | ||
| 942 |
_cBK _2lcc _kFOR |
||
| 999 |
_c23376 _d23376 |
||